[Event "Steyr Landesliga 1819"]
[Site "Austria"]
[Date "2018.11.10"]
[Round "4.3"]
[White "Teuschler, Barbara"]
[Black "Dobay, Klaus"]
[Result "1-0"]
[WhiteElo "2172"]
[BlackElo "2068"]
[PlyCount "81"]
[EventDate "2018.10.06"]
[EventType "team-tourn"]
[EventRounds "11"]
[EventCountry "AUT"]
[SourceTitle "CBM 187 Extra"]
[Source "ChessBase"]
[SourceDate "2018.11.04"]
[SourceVersion "1"]
[SourceVersionDate "2018.11.04"]
[SourceQuality "1"]
[WhiteTeam "Graz Schachfreunde"]
[BlackTeam "Gratwein Strassengel"]
[WhiteTeamCountry "AUT"]
[BlackTeamCountry "AUT"]

1. e4 c6 2. d4 d5 3. Nc3 dxe4 4. Nxe4 Bf5 5. Ng3 Bg6 6. h4 h6 7. Nf3 Nd7 8. h5 Bh7 9. Bd3 Bxd3 10. Qxd3 Ngf6 11. Bd2 e6 12. 0-0-0 Qc7 13. Ne4 Nxe4 14. Qxe4 Nf6 15. Qe2 0-0-0 16. Kb1 Kb8 17. g3 Bd6 18. Ne5 Rhf8 19. Nc4 Ka8 20. Nxd6 Qxd6 21. Bf4 Qb4 22. a3 Qb6 23. Rd3 Qb5 24. g4 Rxd4 25. Rhd1 Rxd3 26. Rxd3 Nd5 27. Bd2 Rg8 28. Qe4 Qb6 29. c4 Nf6 30. Qf4 Rc8 31. Bc3 Qc5 32. Bb4 Qb6 33. Ka1 a5 34. Bc3 Qc5 35. f3 Re8 36. Qd2 Qxc4 37. Rd8+ Rxd8 38. Qxd8+ Ka7 39. Bd4+ c5 40. Qxa5+ Kb8 41. Be5+ 1-0

[Event "Steyr Landesliga 1718"]
[Site "Austria"]
[Date "2018.03.24"]
[Round "10.7"]
[White "Kristoferitsch, Daniel"]
[Black "Dobay, Klaus"]
[Result "1-0"]
[WhiteElo "1763"]
[BlackElo "2099"]
[PlyCount "155"]
[EventDate "2017.09.30"]
[EventType "team-tourn"]
[EventRounds "11"]
[EventCountry "AUT"]
[SourceTitle "EXT 2021"]
[Source "ChessBase"]
[SourceDate "2020.10.23"]
[SourceVersion "1"]
[SourceVersionDate "2020.10.23"]
[SourceQuality "1"]
[WhiteTeam "Graz Schachfreunde II"]
[BlackTeam "Graz Austria"]
[WhiteTeamCountry "AUT"]
[BlackTeamCountry "AUT"]

1. d4 f5 2. g3 Nf6 3. Bg2 g6 4. c4 Bg7 5. Nc3 d6 6. Nf3 0-0 7. 0-0 Nc6 8. d5 Ne5 9. Nxe5 dxe5 10. Qb3 Kh8 11. Rd1 h6 12. e4 a6 13. c5 Nh5 14. f3 f4 15. g4 Nf6 16. Bd2 Nh7 17. Be1 Ng5 18. Bf2 Rb8 19. Rd2 Nf7 20. Rad1 Bf6 21. Nb1 Bd7 22. Na3 Qe8 23. Qc3 Kg7 24. Nc4 Bb5 25. Na5 h5 26. h3 hxg4 27. hxg4 Rh8 28. b3 b6 29. Nc4 Bxc4 30. Qxc4 b5 31. Qb4 Bh4 32. Rc2 Bxf2+ 33. Kxf2 Qd7 34. Rdd2 Rh2 35. Qa5 Ra8 36. Kg1 Rhh8 37. Kf1 Rhb8 38. b4 Rh8 39. Kg1 g5 40. Bf1 Qd8 41. a4 bxa4 42. Bxa6 Rh6 43. b5 Rh3 44. Rf2 Rg3+ 45. Kf1 Qh8 46. Ke2 Qh1 47. Qe1 Qh6 48. Bb7 Ra7 49. Bc6 Qg6 50. b6 cxb6 51. cxb6 Ra6 52. Qb1 Qd6 53. Qb5 Qa3 54. Qxa6 Qe3+ 55. Kf1 Rh3 56. Qe2 Qxb6 57. Kg2 Rg3+ 58. Kh2 Qb1 59. Rg2 Nh8 60. Rxg3 fxg3+ 61. Kxg3 Ng6 62. Kh2 Nf4 63. Qf2 Qb8 64. Qc5 Kf6 65. Bxa4 Qh8+ 66. Kg1 Qh4 67. Qc3 Qg3+ 68. Kf1 Qh3+ 69. Ke1 Qg3+ 70. Kd2 Qg2+ 71. Kc1 Qg1+ 72. Kb2 Qb6+ 73. Bb3 Qa7 74. Qd2 Qb8 75. Rc6+ Kg7 76. d6 Qb5 77. Rc4 Ne6 78. Rb4 1-0

[Event "Steyr Landesliga 1718"]
[Site "Austria"]
[Date "2017.09.30"]
[Round "1.6"]
[White "Dobay, Klaus"]
[Black "Almer, Gerald"]
[Result "0-1"]
[WhiteElo "2099"]
[BlackElo "2124"]
[PlyCount "136"]
[EventDate "2017.09.30"]
[EventType "team-tourn"]
[EventRounds "11"]
[EventCountry "AUT"]
[SourceTitle "CBM 181 Extra"]
[Source "ChessBase"]
[SourceDate "2017.12.12"]
[SourceVersion "1"]
[SourceVersionDate "2017.12.12"]
[SourceQuality "1"]
[WhiteTeam "Graz Austria"]
[BlackTeam "Feldbach Kirchberg"]
[WhiteTeamCountry "AUT"]
[BlackTeamCountry "AUT"]

1. e4 c6 2. d4 d5 3. Nc3 dxe4 4. Nxe4 Nf6 5. Nxf6+ exf6 6. Nf3 Bd6 7. Bd3 0-0 8. 0-0 Nd7 9. c4 Re8 10. Nh4 Nf8 11. Be3 Qc7 12. h3 Bf4 13. Qd2 Bxe3 14. fxe3 Qg3 15. Nf5 Bxf5 16. Rf3 Qg5 17. Bxf5 Rad8 18. Re1 g6 19. Bb1 f5 20. Qf2 Kh8 21. a3 Ne6 22. Kh2 Qe7 23. Rd1 Ng5 24. Rg3 Ne4 25. Bxe4 Qxe4 26. b4 Re7 27. Rf3 Rde8 28. Qb2 Kg8 29. Qc3 Qh4 30. Rdf1 Qg5 31. Re1 Re4 32. c5 h5 33. a4 Qe7 34. Kg1 f4 35. Kf2 Qh4+ 36. Kf1 fxe3 37. Rexe3 Rd8 38. Rxe4 Qxe4 39. Rd3 Rd5 40. b5 Rg5 41. Rf3 Rd5 42. bxc6 bxc6 43. Rd3 g5 44. Qd2 g4 45. hxg4 hxg4 46. Kf2 Qe7 47. Qf4 Qh4+ 48. Ke2 f5 49. Re3 Qd8 50. Qh6 Rxd4 51. Qg6+ Kf8 52. Qxf5+ Kg7 53. Qe5+ Kg6 54. Qe6+ Qf6 55. Qe8+ Kg5 56. Re6 Rd8 57. Re5+ Kf4 58. Re4+ Kf5 59. Qe7 Qb2+ 60. Kf1 Rd1+ 61. Re1 Rxe1+ 62. Qxe1 Qc2 63. Qb4 g3 64. Qd4 Qb1+ 65. Ke2 Qe4+ 66. Qe3 Qxg2+ 67. Kd1 Qf1+ 68. Kd2 Qf2+ 0-1

[Event "Steyr Landesliga 1617"]
[Site "Austria"]
[Date "2016.10.01"]
[Round "1.6"]
[White "Dobay, Klaus"]
[Black "Posch, Siegfried"]
[Result "1/2-1/2"]
[WhiteElo "2099"]
[BlackElo "1941"]
[PlyCount "85"]
[EventDate "2016.10.01"]
[EventType "team-tourn"]
[EventRounds "11"]
[EventCountry "AUT"]
[SourceTitle "CBM 175 Extra"]
[Source "ChessBase"]
[SourceDate "2016.12.12"]
[SourceVersion "1"]
[SourceVersionDate "2016.12.12"]
[SourceQuality "1"]
[WhiteTeam "Austria"]
[BlackTeam "Fuerstenfeld/Hartberg"]
[WhiteTeamCountry "AUT"]
[BlackTeamCountry "AUT"]

1. d4 d5 2. Bg5 Nf6 3. Nf3 e6 4. e3 c5 5. Nbd2 cxd4 6. exd4 Be7 7. Bd3 Nc6 8. c3 Qb6 9. Rb1 0-0 10. 0-0 h6 11. Bh4 Nh7 12. Bxe7 Nxe7 13. Ne5 f6 14. Ng6 Nxg6 15. Bxg6 Ng5 16. h4 Nf7 17. Nf3 Bd7 18. Re1 Rae8 19. Re3 Re7 20. Qd2 Qd6 21. Rbe1 b5 22. Qe2 Qf4 23. Qd2 Nd6 24. R3e2 Qg4 25. Bb1 Nf5 26. Bxf5 Qxf5 27. Qc2 Qf4 28. Qd3 Kh8 29. Re3 Rfe8 30. Qg6 Rb8 31. g3 Qd6 32. Nd2 Be8 33. Qg4 Bd7 34. Qe2 Rbe8 35. f4 Kg8 36. Nb3 g6 37. Nc5 Kf7 38. Qf3 Kg7 39. Qg4 h5 40. Qf3 Bc8 41. Qe2 a6 42. Qc2 e5 43. Qf2 1/2-1/2

[Event "Steyr Landesliga 1314"]
[Site "Austria"]
[Date "2014.04.12"]
[Round "11.2"]
[White "Dobay, Klaus"]
[Black "Walzl, Martin"]
[Result "1/2-1/2"]
[WhiteElo "2074"]
[BlackElo "2141"]
[PlyCount "29"]
[EventDate "2013.09.28"]
[EventType "team-tourn"]
[EventRounds "11"]
[EventCountry "AUT"]
[SourceTitle "EXT 2015"]
[Source "ChessBase"]
[SourceDate "2014.11.20"]
[SourceVersion "1"]
[SourceVersionDate "2014.11.20"]
[SourceQuality "1"]
[WhiteTeam "Graz Austria"]
[BlackTeam "Gleisdorf"]
[WhiteTeamCountry "AUT"]
[BlackTeamCountry "AUT"]

1. d4 Nf6 2. Bg5 e6 3. Nf3 c5 4. e3 b6 5. Bd3 Bb7 6. 0-0 Be7 7. Nbd2 h6 8. Bh4 0-0 9. Rc1 cxd4 10. exd4 Nh5 11. Bxe7 Qxe7 12. Be4 Bxe4 13. Nxe4 d5 14. Ned2 Nf6 15. Ne5 1/2-1/2

[Event "Steyr Landesliga 1213"]
[Site "Austria"]
[Date "2013.05.04"]
[Round "11.5"]
[White "Reiter, Peter"]
[Black "Dobay, Klaus"]
[Result "0-1"]
[WhiteElo "1925"]
[BlackElo "2068"]
[PlyCount "68"]
[EventDate "2012.09.22"]
[EventType "team-tourn"]
[EventRounds "11"]
[EventCountry "AUT"]
[SourceTitle "EXT 2014"]
[Source "ChessBase"]
[SourceDate "2013.11.20"]
[SourceVersion "1"]
[SourceVersionDate "2013.11.20"]
[SourceQuality "1"]
[WhiteTeam "Liezen Admont"]
[BlackTeam "Graz Austria"]
[WhiteTeamCountry "AUT"]
[BlackTeamCountry "AUT"]

1. e4 c6 2. d4 d5 3. e5 Bf5 4. Nf3 e6 5. c3 Nd7 6. h3 Qc7 7. Bd3 Bxd3 8. Qxd3 c5 9. 0-0 Ne7 10. Bd2 Nf5 11. g4 Ne7 12. Na3 a6 13. Rac1 Nc6 14. Nc2 Be7 15. Rfe1 Qb6 16. c4 dxc4 17. Qxc4 cxd4 18. b4 0-0 19. a3 Rac8 20. Qd3 Rfd8 21. Bf4 Nf8 22. h4 Ng6 23. Bg3 Rd5 24. h5 Nf8 25. Nd2 Qd8 26. f4 Nxe5 27. Rxe5 Rc3 28. Rxd5 Qxd5 29. Qe4 Rxg3+ 30. Kf2 Qxe4 31. Nxe4 Rxg4 32. Nxd4 Rxf4+ 33. Ke3 e5 34. Rc7 exd4+ 0-1

[Event "Steyr Landesliga 1213"]
[Site "Austria"]
[Date "2012.11.17"]
[Round "4.6"]
[White "Wurm, Christoph"]
[Black "Dobay, Klaus"]
[Result "1/2-1/2"]
[WhiteElo "2089"]
[BlackElo "2068"]
[PlyCount "86"]
[EventDate "2012.09.22"]
[EventType "team-tourn"]
[EventRounds "11"]
[EventCountry "AUT"]
[SourceTitle "EXT 2014"]
[Source "ChessBase"]
[SourceDate "2013.11.20"]
[SourceVersion "1"]
[SourceVersionDate "2013.11.20"]
[SourceQuality "1"]
[WhiteTeam "Leoben"]
[BlackTeam "Graz Austria"]
[WhiteTeamCountry "AUT"]
[BlackTeamCountry "AUT"]

1. e4 d5 2. exd5 Qxd5 3. Nc3 Qa5 4. Bc4 Nf6 5. Nge2 c6 6. d4 Bf5 7. 0-0 e6 8. Bd2 Qc7 9. Bf4 Bd6 10. Bxd6 Qxd6 11. Qd2 0-0 12. Rad1 Nbd7 13. Ng3 Bg6 14. Bb3 Nb6 15. f3 Rad8 16. Qf2 Qf4 17. Nce2 Qc7 18. f4 Nbd5 19. h3 Ne7 20. Nc1 Qb6 21. c3 Rd7 22. Nd3 Bxd3 23. Rxd3 Qb5 24. Re3 Qb6 25. f5 exf5 26. Nxf5 Nxf5 27. Qxf5 Qd8 28. Rg3 Ne8 29. h4 Qe7 30. h5 Rd6 31. Bc2 Rh6 32. Qg4 Rf6 33. Rd1 Re6 34. Kh2 Qd6 35. Bf5 Re3 36. Rd3 Qxg3+ 37. Qxg3 Rxg3 38. Kxg3 Nf6 39. Kh4 Re8 40. Rd2 Re1 41. g4 h6 42. Kg3 Kf8 43. Kf2 Re7 1/2-1/2

[Event "Steyr Landesliga 1112"]
[Site "Austria"]
[Date "2011.11.26"]
[Round "6.6"]
[White "Dobay, Klaus"]
[Black "Schuetz, Christian"]
[Result "1-0"]
[WhiteElo "2069"]
[BlackElo "1976"]
[PlyCount "141"]
[EventDate "2011.09.24"]
[EventType "team-tourn"]
[EventRounds "11"]
[EventCountry "AUT"]
[SourceTitle "EXT 2013"]
[Source "ChessBase"]
[SourceDate "2012.11.22"]
[SourceVersion "1"]
[SourceVersionDate "2012.11.22"]
[SourceQuality "1"]
[WhiteTeam "Graz Austria"]
[BlackTeam "Graz Styria"]
[WhiteTeamCountry "AUT"]
[BlackTeamCountry "AUT"]

1. d4 Nf6 2. Bg5 g6 3. Bxf6 exf6 4. Nf3 d5 5. g3 Bg7 6. Bg2 0-0 7. 0-0 Nd7 8. Nbd2 f5 9. e3 Nf6 10. c4 c6 11. cxd5 cxd5 12. Rc1 Bd7 13. Qb3 Qb6 14. Ne5 Be6 15. Qxb6 axb6 16. a3 Rfc8 17. Nd3 Bf8 18. Nb1 Rc6 19. Ne5 Rxc1 20. Rxc1 Rc8 21. Rxc8 Bxc8 22. Nc3 Be6 23. f3 g5 24. Nd3 h5 25. h4 gxh4 26. gxh4 Be7 27. Nf4 Bd6 28. Nfe2 Kg7 29. Kf2 Kg6 30. Nb5 Bb8 31. Nbc3 Bd6 32. b4 Bd7 33. Bf1 Bc6 34. Ng3 Bd7 35. Bd3 Be7 36. Nge2 Bd6 37. Bc2 Bc6 38. Bb3 b5 39. Bc2 Ne8 40. Ng3 Bxg3+ 41. Kxg3 Nd6 42. Kf4 Kf6 43. a4 bxa4 44. Bxa4 Bxa4 45. Nxa4 Nc4 46. Nc3 Ke6 47. Ne2 Kf6 48. Nc3 Ke6 49. Nb5 Nb2 50. Kg5 Nd1 51. Kxh5 Kf6 52. Nd6 Nxe3 53. Nxb7 Nc2 54. b5 Nxd4 55. b6 Nxf3 56. Nc5 Ne5 57. b7 Nc6 58. Nd7+ Kg7 59. Kg5 f4 60. Kxf4 f6 61. Kf5 Nd4+ 62. Kf4 Nc6 63. b8Q Nxb8 64. Nxb8 Kg6 65. Nc6 Kh5 66. Kg3 f5 67. Nd4 f4+ 68. Kh3 Kh6 69. Kg4 Kg6 70. Kxf4 Kh5 71. Nf3 1-0

[Event "Graz op-B 12th"]
[Site "Graz"]
[Date "2005.09.06"]
[Round "4.9"]
[White "Meglitsch, Konstantin"]
[Black "Dobay, Klaus"]
[Result "1-0"]
[WhiteElo "1739"]
[BlackElo "1947"]
[PlyCount "53"]
[EventDate "2005.09.03"]
[EventType "swiss"]
[EventRounds "9"]
[EventCountry "AUT"]
[SourceTitle "EXT 2024"]
[Source "ChessBase"]
[SourceDate "2023.10.10"]
[SourceVersion "1"]
[SourceVersionDate "2023.10.10"]
[SourceQuality "1"]

1. e4 c5 2. Nf3 Nc6 3. d4 cxd4 4. Nxd4 Nf6 5. Nc3 e5 6. Ndb5 d6 7. Nd5 Nxd5 8. exd5 Ne7 9. c4 a6 10. Qa4 axb5 11. Qxa8 g6 12. c5 f6 13. Bxb5+ Kf7 14. 0-0 Bg7 15. Rd1 Nf5 16. Qa7 Nd4 17. Bc4 Qe7 18. Be3 f5 19. Bxd4 exd4 20. Re1 Qh4 21. c6 Be5 22. Rxe5 dxe5 23. cxb7 Bxb7 24. Qxb7+ Kf6 25. d6 Kg5 26. Qe7+ Kh5 27. Be2+ 1-0

[Event "Graz op-B"]
[Site "Graz"]
[Date "2004.09.10"]
[Round "7"]
[White "Ungureanu, Sandu"]
[Black "Dobay, Klaus"]
[Result "1/2-1/2"]
[WhiteElo "1800"]
[BlackElo "1922"]
[PlyCount "121"]
[EventDate "2004.09.04"]
[EventType "swiss"]
[EventRounds "9"]
[EventCountry "AUT"]
[SourceTitle "EXT 2006"]
[Source "ChessBase"]
[SourceDate "2005.11.24"]
[SourceVersion "1"]
[SourceVersionDate "2005.11.24"]
[SourceQuality "1"]

1. e4 d5 2. exd5 Qxd5 3. Nc3 Qa5 4. Nf3 c6 5. d4 Nf6 6. Bc4 Bf5 7. 0-0 e6 8. Bf4 Bb4 9. Ne2 0-0 10. c3 Be7 11. b4 Qd8 12. Ng3 Bg4 13. h3 Bxf3 14. Qxf3 Nbd7 15. a4 Nb6 16. Bb3 Nbd5 17. Bd2 Qc7 18. Ne4 Nxe4 19. Qxe4 Nf6 20. Qf3 Rfd8 21. Bf4 Bd6 22. Bxd6 Qxd6 23. a5 a6 24. Rfe1 Rd7 25. Rab1 Re8 26. Bc2 Qd5 27. Qxd5 Rxd5 28. Kf1 Red8 29. g3 g6 30. f4 h5 31. Bd1 Kg7 32. Bf3 R5d7 33. Kf2 Rh8 34. Rh1 h4 35. g4 Nd5 36. Bxd5 cxd5 37. Ke3 Rc7 38. Kd3 Kf6 39. b5 axb5 40. Rxb5 Rhc8 41. Rc1 Ke7 42. Rb4 Ra8 43. Ra1 Rac8 44. Ra3 Kf6 45. Rab3 Ra8 46. Rb5 Ra6 47. Ra3 Rac6 48. Kd2 Ra6 49. Ke3 Rac6 50. Kd3 Ra6 51. Rab3 Ra8 52. Kc2 Ra7 53. Kb2 g5 54. f5 exf5 55. Rxd5 fxg4 56. hxg4 Kg6 57. Ka3 Ra8 58. Kb4 Rac8 59. Ka4 Rxc3 60. Rxb7 h3 61. Rd6+ 1/2-1/2